| 000 | 00655nam a2200229Ia 4500 | ||
|---|---|---|---|
| 003 | OSt | ||
| 005 | 20220926013534.0 | ||
| 006 | a|||||r|||| 00| 0 | ||
| 007 | ta | ||
| 008 | 220923b |||||||| |||| 00| 0 eng d | ||
| 037 | _cGeneral Book | ||
| 040 |
_aRTL _cRTL _beng |
||
| 041 |
_2eng _aeng |
||
| 082 | _aX:89A, K4 | ||
| 100 |
_aEnrick Norbert L. _9130074 |
||
| 245 | 0 |
_aSales and production management manual _b Practice |
|
| 260 |
_aNew York _bInterscience Publishers _c1964 |
||
| 300 |
_ax,191p. _ccm. |
||
| 650 | _aProduction Management | ||
| 942 |
_hX:89A, K4 _cGB _2CC |
||
| 999 |
_c626194 _d626194 |
||